[Event "HMC Calder Cup 2014"]
[Site "Rosmalen NED"]
[Date "2014.06.24"]
[Round "5.4"]
[White "Hendriks, Willy"]
[Black "Bosch, Jeroen"]
[Result "1/2-1/2"]
[WhiteTitle "IM"]
[BlackTitle "IM"]
[WhiteElo "2390"]
[BlackElo "2363"]
[WhiteFideId "1000713"]
[BlackFideId "1001280"]
[EventDate "2014.06.20"]

1. c4 c6 2. e4 e5 3. Nf3 d6 4. d4 Nd7 5. Nc3 Ngf6 6. Be2 Be7 7. O-O O-O 8. Qc2
a6 9. Rd1 Qc7 10. h3 b5 11. a3 Bb7 12. Be3 Rfe8 13. Rac1 Rac8 14. Qb1 Qb8 15. b4
exd4 16. Nxd4 Bf8 17. Nf5 Ba8 18. Bf4 Ne5 19. Bg5 Nfd7 20. Ne3 Nb6 21. Qa2 Nexc4
22. Nxc4 Nxc4 23. Bxc4 bxc4 24. Qxc4 c5 25. Nd5 cxb4 26. Qxb4 Rxc1 27. Rxc1 Bxd5
28. exd5 Qxb4 29. axb4 Re5 30. Bd8 Rxd5 31. Rc6 Rb5 32. Ba5 d5 33. Rxa6 f6 34.
Rb6 Rxb6 35. Bxb6 Bxb4 36. Kf1 Kf7 37. Ke2 Ke6 38. Kd3 h5 39. g4 hxg4 40. hxg4
Bd6 41. Be3 g6 42. f3 Bg3 43. Bb6 Bf4 44. Bd4 Bc1 45. Bb6 Bb2 46. Be3 Ke5 47.
Bd2 f5 48. gxf5 Kxf5 49. Be3 Be5 50. Bd2 Bf4 51. Ba5 Ke5 52. Bc7+ Kf5 53. Ba5
Be5 54. Bd2 Bf6 55. Be3 Bg5 56. Bb6 Bh4 57. Be3 Bg3 58. Kd4 Bf4 59. Bf2 Bc7 60.
Kxd5 Kf4 61. Ke6 Bd8 62. Kf7 g5 63. Kg6 Kxf3 64. Bb6 Be7 65. Bc5 Bd8 66. Bb6
Bxb6 67. Kxg5 1/2-1/2

[Event "HMC Calder Cup 2014"]
[Site "Rosmalen NED"]
[Date "2014.06.24"]
[Round "5.5"]
[White "Swinkels, Robin"]
[Black "Greenfeld, Alon"]
[Result "1/2-1/2"]
[WhiteTitle "GM"]
[BlackTitle "GM"]
[WhiteElo "2512"]
[BlackElo "2545"]
[WhiteFideId "1010824"]
[BlackFideId "2800039"]
[EventDate "2014.06.20"]

1. d4 Nf6 2. Bg5 e6 3. e4 h6 4. Bxf6 Qxf6 5. c3 d6 6. Bd3 e5 7. Ne2 Be7 8. O-O
Nc6 9. Na3 O-O 10. Nc2 Qg5 11. Ne3 Bg4 12. f4 exf4 13. Nxg4 Qxg4 14. Rxf4 Qg5
15. Rf5 Qe3+ 16. Kh1 Bg5 17. Rf3 Qd2 18. Qb3 Na5 19. Qb5 b6 20. b4 a6 21. Qd5
Be3 22. Nf4 Bxf4 23. bxa5 c6 24. Qf5 Be3 25. e5 g6 26. Qe4 Bg5 27. e6 f5 28.
Qxc6 Rac8 29. Qxd6 Rfd8 30. Qxb6 Qxc3 31. Raf1 Qxd4 32. Bxa6 Rb8 33. Qc7 Qg7 34.
Qxg7+ Kxg7 35. Rb3 Rxb3 36. axb3 Ra8 37. Bc4 Rxa5 38. Rd1 Be7 39. g3 Ra2 40. Rd7
Kf6 41. b4 Ra4 42. Rb7 Rxb4 43. Rxb4 Ke5 1/2-1/2

[Event "HMC Calder Cup 2014"]
[Site "Rosmalen NED"]
[Date "2014.06.25"]
[Round "6.1"]
[White "Landa, Konstantin"]
[Black "Greenfeld, Alon"]
[Result "1/2-1/2"]
[WhiteTitle "GM"]
[BlackTitle "GM"]
[WhiteElo "2662"]
[BlackElo "2545"]
[WhiteFideId "4101685"]
[BlackFideId "2800039"]
[EventDate "2014.06.20"]

1. Nf3 c5 2. c4 Nc6 3. d4 cxd4 4. Nxd4 Nf6 5. Nc3 e6 6. g3 Qb6 7. Ndb5 Ne5 8.
Bg2 a6 9. Na4 Qa5+ 10. Nbc3 Nxc4 11. b3 Bb4 12. bxc4 Bxc3+ 13. Nxc3 Qxc3+ 14.
Bd2 Qxc4 15. Rc1 Qd4 16. Qb3 O-O 17. Bb4 Re8 18. O-O Qb6 19. Qa3 d5 20. Ba5 Qb5
21. e3 Bd7 22. Rb1 Qa4 23. Qxa4 Bxa4 24. Rxb7 Rec8 25. Rfb1 Bb5 26. Bf1 Ne4 27.
Be1 g5 28. g4 Rc2 29. a4 Bxa4 30. Ra1 Be8 31. Rxa6 Rxa6 32. Bxa6 Rc1 33. Kf1 Kg7
34. Rb2 Ba4 35. f3 Nc5 36. Be2 Bd1 37. Rd2 Bxe2+ 38. Kxe2 Kg6 39. h4 gxh4 40.
Bxh4 Na4 41. Bd8 Rc4 42. Kf2 Rb4 43. Be7 Rb7 44. Ba3 Rb3 45. Bc1 Nb6 46. Rc2 Nc4
47. Ke2 Rb4 48. Kd3 Ne5+ 49. Ke2 Rc4 50. Rxc4 Nxc4 51. Kd3 Ne5+ 52. Ke2 Nc4 53.
Kd3 Ne5+ 54. Ke2 f5 55. gxf5+ Kxf5 56. Bd2 Nd7 57. Kf2 e5 58. Kg3 Nb6 59. Bb4
Nc4 60. Bc5 Nd2 61. Ba7 e4 62. fxe4+ Nxe4+ 63. Kh4 Nd6 64. Kh5 Nf7 65. Bb6 Kf6
66. Bd4+ Ke6 67. Ba7 Kf5 68. Bb6 Ke5 69. Bd4+ Ke4 70. Ba7 Kd3 71. Bb6 Nd6 72.
Kh6 Nc4 1/2-1/2

[Event "HMC Calder Cup 2014"]
[Site "Rosmalen NED"]
[Date "2014.06.25"]
[Round "6.2"]
[White "Bosch, Jeroen"]
[Black "Swinkels, Robin"]
[Result "1/2-1/2"]
[WhiteTitle "IM"]
[BlackTitle "GM"]
[WhiteElo "2363"]
[BlackElo "2512"]
[WhiteFideId "1001280"]
[BlackFideId "1010824"]
[EventDate "2014.06.20"]

1. e4 e6 2. d3 d5 3. Nd2 Nf6 4. Ngf3 c5 5. g3 Nc6 6. Bg2 g6 7. O-O Bg7 8. exd5
Nxd5 9. Nb3 b6 10. c4 Nde7 11. d4 Ba6 12. Qc2 Nb4 13. Qe2 cxd4 14. Nbxd4 Rc8 15.
b3 Nbc6 16. Rd1 Nxd4 17. Nxd4 Qc7 18. Bb2 O-O 19. a4 Rfd8 20. Rd3 Nf5 21. Nxf5
gxf5 22. Bxg7 Kxg7 23. Rad1 Rxd3 24. Qxd3 Bb7 25. Qd4+ Kg6 26. h4 Bxg2 27. Kxg2
h5 28. Kh2 Qe7 29. Kg2 Qb7+ 30. Kg1 Qf3 31. Rd3 Qe4 32. Qd7 Qe1+ 33. Kg2 Qe4+
34. Kg1 Qe1+ 35. Kg2 Qe4+ 36. Kg1 Qe1+ 1/2-1/2

[Event "HMC Calder Cup 2014"]
[Site "Rosmalen NED"]
[Date "2014.06.25"]
[Round "6.3"]
[White "Burg, Twan"]
[Black "Hendriks, Willy"]
[Result "1/2-1/2"]
[WhiteTitle "IM"]
[BlackTitle "IM"]
[WhiteElo "2506"]
[BlackElo "2390"]
[WhiteFideId "1010697"]
[BlackFideId "1000713"]
[EventDate "2014.06.20"]

1. e4 g6 2. d4 Bg7 3. Nc3 d6 4. Bg5 Nf6 5. Qd2 c6 6. f4 O-O 7. Bd3 Qb6 8. Nf3
Bg4 9. e5 Bxf3 10. gxf3 Nd5 11. Nxd5 cxd5 12. c3 f6 13. exf6 exf6 14. Bh4 Re8+
15. Kf1 f5 16. Re1 Nd7 17. Kg2 Nf6 18. Bxf6 Bxf6 19. Re2 Kf7 20. Rhe1 Qc6 21.
Kg3 Rxe2 22. Qxe2 Re8 23. Qxe8+ Qxe8 24. Rxe8 Kxe8 25. Bb5+ Ke7 26. b4 Ke6 27.
Ba4 Bd8 28. a3 Be7 29. h4 Bd8 30. Kh3 Be7 31. Be8 Bd8 32. Kg3 Ke7 33. Ba4 Ke6
34. Kh3 Bf6 35. Kg3 Bd8 1/2-1/2

[Event "HMC Calder Cup 2014"]
[Site "Rosmalen NED"]
[Date "2014.06.25"]
[Round "6.4"]
[White "Guramishvili, Sopiko"]
[Black "Fridman, Daniel"]
[Result "0-1"]
[WhiteTitle "IM"]
[BlackTitle "GM"]
[WhiteElo "2396"]
[BlackElo "2627"]
[WhiteFideId "13602888"]
[BlackFideId "11600454"]
[EventDate "2014.06.20"]

1. d4 Nf6 2. c4 e6 3. g3 d5 4. Nf3 dxc4 5. Bg2 Bb4+ 6. Bd2 c5 7. Bxb4 cxb4 8.
Ne5 O-O 9. Nxc4 Nc6 10. e3 e5 11. d5 b5 12. O-O Bg4 13. Qd2 bxc4 14. dxc6 Qb6
15. Qc2 e4 16. Nd2 Qxc6 17. Nxe4 Rac8 18. Rfc1 Bf5 19. Nxf6+ Qxf6 20. e4 Be6 21.
Qe2 Rfd8 22. e5 Qg5 23. f4 Qe7 24. g4 Qc5+ 25. Kh1 c3 26. bxc3 bxc3 27. Rc2 Bc4
28. Qe1 Bd3 29. Rcc1 c2 30. e6 fxe6 31. Qxe6+ Kh8 32. f5 Qd4 0-1

[Event "HMC Calder Cup 2014"]
[Site "Rosmalen NED"]
[Date "2014.06.25"]
[Round "6.5"]
[White "Broekmeulen, Jasper"]
[Black "Van der Stricht, Geert"]
[Result "1/2-1/2"]
[WhiteTitle "FM"]
[BlackTitle "IM"]
[WhiteElo "2432"]
[BlackElo "2376"]
[WhiteFideId "1013440"]
[BlackFideId "201324"]
[EventDate "2014.06.20"]

1. e4 c5 2. Nc3 Nc6 3. Nf3 e5 4. Bc4 d6 5. d3 Be7 6. O-O Bg4 7. h3 Bh5 8. Nd5
Nf6 9. Ne3 O-O 10. g4 Bg6 11. Nh4 Na5 12. Nxg6 hxg6 13. Bd5 Rc8 14. Bd2 b5 15.
a3 Nxd5 16. Bxa5 Nxe3 17. Bxd8 Nxd1 18. Bxe7 Rfe8 19. Bxd6 Nxb2 20. Rfb1 Nxd3
21. cxd3 Rc6 22. Bxe5 Rxe5 23. Rxb5 Rd6 24. Rd1 Rxe4 25. Rxc5 Ra4 26. Rc3 g5 27.
Rb1 Rda6 28. Rbb3 Kh7 29. Kg2 Kg6 30. Kg3 Kh7 31. f3 Kg6 32. h4 gxh4+ 33. Kxh4
Rf4 34. Kg3 1/2-1/2

[Event "HMC Calder Cup 2014"]
[Site "Rosmalen NED"]
[Date "2014.06.26"]
[Round "7.1"]
[White "Van der Stricht, Geert"]
[Black "Landa, Konstantin"]
[Result "0-1"]
[WhiteTitle "IM"]
[BlackTitle "GM"]
[WhiteElo "2376"]
[BlackElo "2662"]
[WhiteFideId "201324"]
[BlackFideId "4101685"]
[EventDate "2014.06.20"]

1. d4 Nf6 2. c4 e6 3. Nf3 Bb4+ 4. Bd2 Qe7 5. g3 Bxd2+ 6. Qxd2 Nc6 7. Nc3 d5 8.
Bg2 O-O 9. O-O dxc4 10. e4 Rb8 11. Rfe1 b5 12. d5 Rd8 13. Rad1 e5 14. Qe3 Ng4
15. Qe2 Nb4 16. Rf1 Nd3 17. Ne1 b4 18. Na4 Bd7 19. Nxd3 cxd3 20. Rxd3 Bxa4 21.
Qxg4 Bb5 22. Rd2 Bxf1 23. Bxf1 b3 24. axb3 Rxb3 25. Bc4 Rb4 26. b3 a5 27. Rc2
Rdb8 28. Kg2 Qf6 29. h4 g6 30. h5 Kg7 31. Rc3 Rf8 32. Be2 Qe7 33. Qh3 Rxe4 34.
Bf3 Rd4 35. Rc6 e4 36. Be2 e3 37. h6+ Kg8 0-1

[Event "HMC Calder Cup 2014"]
[Site "Rosmalen NED"]
[Date "2014.06.26"]
[Round "7.2"]
[White "Fridman, Daniel"]
[Black "Broekmeulen, Jasper"]
[Result "1-0"]
[WhiteTitle "GM"]
[BlackTitle "FM"]
[WhiteElo "2627"]
[BlackElo "2432"]
[WhiteFideId "11600454"]
[BlackFideId "1013440"]
[EventDate "2014.06.20"]

1. d4 d5 2. Nf3 Nc6 3. Bf4 Bg4 4. e3 e6 5. Be2 Bd6 6. Bg3 Nf6 7. Nbd2 O-O 8. c4
Re8 9. O-O Bxg3 10. hxg3 Ne4 11. Rc1 Nxd2 12. Qxd2 dxc4 13. Bxc4 Bxf3 14. gxf3
e5 15. d5 Qd6 16. Rfd1 Ne7 17. e4 Red8 18. Qc3 c6 19. dxc6 Qxd1+ 20. Rxd1 Rxd1+
21. Kg2 bxc6 22. Bxf7+ Kf8 23. Bb3 Rd4 24. Qc5 1-0

[Event "HMC Calder Cup 2014"]
[Site "Rosmalen NED"]
[Date "2014.06.26"]
[Round "7.3"]
[White "Hendriks, Willy"]
[Black "Guramishvili, Sopiko"]
[Result "1/2-1/2"]
[WhiteTitle "IM"]
[BlackTitle "IM"]
[WhiteElo "2390"]
[BlackElo "2396"]
[WhiteFideId "1000713"]
[BlackFideId "13602888"]
[EventDate "2014.06.20"]

1. c4 e6 2. Nf3 d5 3. b3 Nf6 4. g3 c5 5. Bg2 Be7 6. O-O Nc6 7. e3 O-O 8. Bb2 b6
9. Qe2 Bb7 10. Rd1 dxc4 11. bxc4 Qc7 12. Nc3 a6 13. Rab1 Rfd8 14. Ba1 Rab8 15.
d3 Na7 16. d4 cxd4 17. exd4 b5 18. d5 exd5 19. cxb5 axb5 20. Nxb5 Nxb5 21. Qxb5
Ba8 22. Qa4 Rxb1 23. Rxb1 Ne4 24. Be5 Qc4 25. Qa5 Rc8 26. Bd4 Ng5 27. Qa7 Qd3
28. Re1 Nxf3+ 29. Bxf3 Bb4 30. Qd7 Rf8 31. Qg4 Qg6 32. Qxg6 hxg6 33. Rb1 Bd6 34.
a4 Rb8 35. Rxb8+ Bxb8 36. a5 f6 37. Kf1 Kf7 38. Ke2 Bb7 39. Ke3 Bc7 40. Bc3 d4+
41. Bxd4 Bxf3 42. Kxf3 1/2-1/2

[Event "HMC Calder Cup 2014"]
[Site "Rosmalen NED"]
[Date "2014.06.26"]
[Round "7.4"]
[White "Swinkels, Robin"]
[Black "Burg, Twan"]
[Result "0-1"]
[WhiteTitle "GM"]
[BlackTitle "IM"]
[WhiteElo "2512"]
[BlackElo "2506"]
[WhiteFideId "1010824"]
[BlackFideId "1010697"]
[EventDate "2014.06.20"]

1. d4 Nf6 2. Bg5 e6 3. e4 h6 4. Bxf6 Qxf6 5. c3 d5 6. Nd2 c5 7. Ngf3 Nc6 8. Bb5
Bd7 9. exd5 exd5 10. O-O cxd4 11. Nxd4 O-O-O 12. N2f3 Nxd4 13. Bxd7+ Rxd7 14.
cxd4 Bd6 15. Qa4 a6 16. b4 Bc7 17. Rfc1 Qb6 18. Rc5 f6 19. Rac1 Rhd8 20. Qb3 Kb8
21. a4 Qe6 22. a5 Bd6 23. R5c2 Rc7 24. b5 Rxc2 25. Rxc2 Bc7 26. Rc6 Qd7 27. g3
Bxa5 28. Kg2 Ka8 29. Rc2 Qxb5 30. Qe3 Qd7 31. Re2 Rc8 32. Qa3 Bd8 33. Ne1 Qb5
34. Nd3 Bb6 35. Rb2 Qc6 36. Nb4 Qd6 37. Qb3 Bxd4 38. Nxd5 Bxb2 39. Nb6+ Kb8 40.
Nxc8 Qc6+ 41. f3 Kxc8 42. Qxb2 b5 43. Qa3 Kc7 44. h4 Qd6 45. Qa2 Kb6 46. Qf7
Qd2+ 47. Kh3 Kc6 48. g4 Qd7 49. Qa2 Kb6 50. Qf2+ Kb7 51. Qe1 f5 52. Qe5 fxg4+
53. fxg4 a5 54. h5 a4 55. Qe4+ Kb6 56. Qe3+ Ka6 57. Qc3 Qe7 58. Qc6+ Ka5 59.
Qc3+ b4 60. Qd3 Qg5 61. Qd4 a3 62. Qc4 Qe3+ 63. Kh4 Qe1+ 0-1

[Event "HMC Calder Cup 2014"]
[Site "Rosmalen NED"]
[Date "2014.06.26"]
[Round "7.5"]
[White "Greenfeld, Alon"]
[Black "Bosch, Jeroen"]
[Result "0-1"]
[WhiteTitle "GM"]
[BlackTitle "IM"]
[WhiteElo "2545"]
[BlackElo "2363"]
[WhiteFideId "2800039"]
[BlackFideId "1001280"]
[EventDate "2014.06.20"]

1. d4 d5 2. c4 c6 3. Nf3 Nf6 4. Nc3 dxc4 5. a4 Bf5 6. Nh4 e6 7. Nxf5 exf5 8. e3
Bb4 9. Bxc4 O-O 10. O-O Nbd7 11. Qc2 g6 12. f3 Rc8 13. Kh1 c5 14. Ba2 Re8 15.
Nb5 Qb6 16. Qb3 Re7 17. e4 a6 18. dxc5 Bxc5 19. Nc3 Qxb3 20. Bxb3 fxe4 21. fxe4
Bd4 22. Ne2 Be5 23. Bg5 Kg7 24. Rf3 h6 25. Bh4 Bxb2 26. Raf1 Rxe4 27. Nf4 Rc1
28. g4 Rxf1+ 29. Rxf1 Nc5 30. Nd5 g5 31. Bc2 Nxd5 32. Bxe4 Nxe4 33. Rb1 Bc3 34.
Bg3 Nxg3+ 35. hxg3 Bb4 36. Kg2 a5 37. Kf3 Nc3 38. Ra1 Kf6 0-1

[Event "HMC Calder Cup 2014"]
[Site "Rosmalen NED"]
[Date "2014.06.27"]
[Round "8.1"]
[White "Landa, Konstantin"]
[Black "Bosch, Jeroen"]
[Result "1-0"]
[WhiteTitle "GM"]
[BlackTitle "IM"]
[WhiteElo "2662"]
[BlackElo "2363"]
[WhiteFideId "4101685"]
[BlackFideId "1001280"]
[EventDate "2014.06.20"]

1. e4 d5 2. exd5 Qxd5 3. Nc3 Qa5 4. d4 Nf6 5. Nf3 Bf5 6. Bd2 c6 7. Bc4 e6 8. Nd5
Qd8 9. Nxf6+ Qxf6 10. Qe2 Nd7 11. O-O-O Bg4 12. d5 Bxf3 13. gxf3 cxd5 14. Bxd5
O-O-O 15. Be4 Qe5 16. Bc3 Qc7 17. h4 f6 18. Rhg1 g6 19. Kb1 Bd6 20. h5 g5 21. h6
Be5 22. Bb4 Nc5 23. Bxc5 Qxc5 24. c3 a6 25. Bc2 Kb8 26. a4 Qb6 27. Ka2 Rxd1 28.
Rxd1 Rd8 29. Rxd8+ Qxd8 30. Qe4 Qd2 31. Kb1 Bf4 32. Qxh7 g4 33. Ka2 f5 34. Qh8+
Ka7 35. h7 e5 36. Qf8 Qxc2 37. Qc5+ b6 38. Qe7+ Ka8 39. h8=R# 1-0

[Event "HMC Calder Cup 2014"]
[Site "Rosmalen NED"]
[Date "2014.06.27"]
[Round "8.2"]
[White "Burg, Twan"]
[Black "Greenfeld, Alon"]
[Result "1-0"]
[WhiteTitle "IM"]
[BlackTitle "GM"]
[WhiteElo "2506"]
[BlackElo "2545"]
[WhiteFideId "1010697"]
[BlackFideId "2800039"]
[EventDate "2014.06.20"]

1. e4 c5 2. Nf3 d6 3. Bb5+ Nd7 4. d4 cxd4 5. Qxd4 a6 6. Bxd7+ Bxd7 7. O-O e5 8.
Qd3 h6 9. c4 b5 10. b3 Nf6 11. Nc3 Be7 12. Rd1 O-O 13. Nd2 Bc6 14. a4 bxc4 15.
Nxc4 Rb8 16. Ba3 Rxb3 17. Qc2 Rxc3 18. Qxc3 Nxe4 19. Qc2 Qa8 20. Nb6 Qb7 21.
Rab1 Bh4 22. Nd5 Bxf2+ 23. Kf1 Bxd5 24. Rxb7 Bxb7 25. Qc7 Ba8 26. Rxd6 Bh4 27.
Rd7 Re8 28. Qc4 1-0

[Event "HMC Calder Cup 2014"]
[Site "Rosmalen NED"]
[Date "2014.06.27"]
[Round "8.3"]
[White "Guramishvili, Sopiko"]
[Black "Swinkels, Robin"]
[Result "1-0"]
[WhiteTitle "IM"]
[BlackTitle "GM"]
[WhiteElo "2396"]
[BlackElo "2512"]
[WhiteFideId "13602888"]
[BlackFideId "1010824"]
[EventDate "2014.06.20"]

1. d4 d5 2. c4 c6 3. Nf3 Nf6 4. g3 Bg4 5. Ne5 Bh5 6. Qb3 Qb6 7. Nc3 e6 8. c5 Qc7
9. Bf4 Qc8 10. Bg2 Nbd7 11. e4 Nxe5 12. Bxe5 Nd7 13. Bf4 e5 14. exd5 exf4 15.
O-O Be7 16. Rfe1 Kf8 17. gxf4 g5 18. Rxe7 Kxe7 19. fxg5 Bg6 20. Qa4 cxd5 21. Qa3
Kf8 22. c6+ Kg7 23. cxd7 Qxd7 24. Nxd5 Qg4 25. Qe7 h6 26. Qe5+ f6 27. Qxf6+ 1-0

[Event "HMC Calder Cup 2014"]
[Site "Rosmalen NED"]
[Date "2014.06.27"]
[Round "8.4"]
[White "Broekmeulen, Jasper"]
[Black "Hendriks, Willy"]
[Result "1-0"]
[WhiteTitle "FM"]
[BlackTitle "IM"]
[WhiteElo "2432"]
[BlackElo "2390"]
[WhiteFideId "1013440"]
[BlackFideId "1000713"]
[EventDate "2014.06.20"]

1. d4 Nf6 2. Nf3 d6 3. Nc3 g6 4. e4 Bg7 5. Be2 O-O 6. O-O Nc6 7. d5 Ne5 8. Nxe5
dxe5 9. b3 Ne8 10. a4 Nd6 11. a5 a6 12. f3 f5 13. Qd3 h5 14. Na4 f4 15. c4 g5
16. h3 Rf6 17. Bb2 Rg6 18. Nc5 Kh8 19. Ne6 Bxe6 20. dxe6 Qc8 21. Rfd1 Qxe6 22.
Rd2 Rg8 23. Kf1 Qf6 24. Ke1 Kh7 25. Kd1 Qf8 26. Kc2 Bf6 27. Qd5 Qc8 28. Bxe5 c6
29. Qc5 Nf7 30. Bxf6 exf6 31. Rad1 Ne5 32. Qb6 R6g7 33. Rd6 Kg6 34. Qd4 Re7 35.
c5 Rge8 36. Bc4 Qc7 37. b4 Qc8 38. Bb3 Rf8 39. Kb2 Rfe8 40. Ka3 h4 41. Rd2 Rf8
42. Kb2 Rfe8 43. Kc1 Rf8 44. Kd1 Rfe8 45. Ke2 Rf8 46. Qa1 Rfe8 47. Qd1 Qc7 48.
Ba2 Kg7 49. Rd8 Rxd8 50. Rxd8 Nf7 51. Rd6 Ne5 52. Rd8 Nf7 53. Bxf7 Rxf7 54. Qd6
Qe7 55. Qb8 Kg6 56. Qc8 Kh6 57. Kf2 Rh7 58. Rf8 Rf7 59. Rd8 Rh7 60. Kg1 Qc7 61.
Qa8 Qe7 62. Kh2 Qc7 63. Rd6 Qe7 64. Qc8 Rf7 65. Qf5 Kg7 66. Re6 Qd8 67. e5 fxe5
68. Qg6+ Kf8 69. Qh6+ Rg7 70. Rg6 1-0

[Event "HMC Calder Cup 2014"]
[Site "Rosmalen NED"]
[Date "2014.06.27"]
[Round "8.5"]
[White "Van der Stricht, Geert"]
[Black "Fridman, Daniel"]
[Result "0-1"]
[WhiteTitle "IM"]
[BlackTitle "GM"]
[WhiteElo "2376"]
[BlackElo "2627"]
[WhiteFideId "201324"]
[BlackFideId "11600454"]
[EventDate "2014.06.20"]

1. d4 Nf6 2. c4 e6 3. Nc3 Bb4 4. e3 b6 5. Ne2 Ba6 6. Ng3 h5 7. Bd3 Bb7 8. O-O
Bxc3 9. bxc3 h4 10. Nh1 h3 11. g3 Bg2 12. Re1 Ne4 13. Bxe4 Bxe4 14. f3 Bb7 15.
e4 d6 16. Nf2 Nc6 17. d5 Na5 18. e5 dxe5 19. Rxe5 Qd7 20. Qe2 O-O-O 21. Bf4 Ba6
22. Qe4 exd5 23. cxd5 Rde8 24. Re1 Rxe5 25. Qxe5 f6 26. Qe7 Bc4 27. d6 cxd6 28.
Qxd6 Qxd6 29. Bxd6 Nc6 30. a3 Rd8 31. Bf4 g5 32. Bc1 Ne5 33. Rxe5 fxe5 34. Bxg5
Rf8 35. f4 exf4 36. Bxf4 Be6 37. Ne4 Kd7 38. Kf2 Rf5 39. Ke3 Ra5 40. g4 Rxa3 41.
Kd4 Bxg4 0-1

[Event "HMC Calder Cup 2014"]
[Site "Rosmalen NED"]
[Date "2014.06.26"]
[Round "9.1"]
[White "Fridman, Daniel"]
[Black "Landa, Konstantin"]
[Result "1/2-1/2"]
[WhiteTitle "GM"]
[BlackTitle "GM"]
[WhiteElo "2627"]
[BlackElo "2662"]
[WhiteFideId "11600454"]
[BlackFideId "4101685"]
[EventDate "2014.06.20"]

1. d4 Nf6 2. c4 e6 3. g3 d5 4. Nf3 dxc4 5. Bg2 Bb4+ 6. Bd2 a5 7. O-O O-O 8. Bg5
b5 9. a4 bxa4 10. Ne5 Ra7 11. Rxa4 Bb7 12. Bxb7 Rxb7 13. Nc3 c5 14. dxc5 Qxd1
15. Nxd1 Rc8 16. Bxf6 gxf6 17. Nxc4 Rxc5 18. Nde3 f5 19. Rfa1 Nd7 20. Rd1 1/2-1/2

[Event "HMC Calder Cup 2014"]
[Site "Rosmalen NED"]
[Date "2014.06.28"]
[Round "9.2"]
[White "Hendriks, Willy"]
[Black "Van der Stricht, Geert"]
[Result "1-0"]
[WhiteTitle "IM"]
[BlackTitle "IM"]
[WhiteElo "2390"]
[BlackElo "2376"]
[WhiteFideId "1000713"]
[BlackFideId "201324"]
[EventDate "2014.06.20"]

1. c4 e6 2. Nf3 Nf6 3. e3 d5 4. Nc3 Be7 5. b3 O-O 6. Bb2 c5 7. d4 cxd4 8. exd4
b6 9. Bd3 Bb7 10. O-O Nc6 11. Rc1 Rc8 12. Re1 Nb4 13. Bf1 Ne4 14. a3 Nxc3 15.
Rxc3 Nc6 16. c5 bxc5 17. dxc5 Bf6 18. Rc2 Bxb2 19. Rxb2 Qa5 20. b4 Qxa3 21. Qb1
Qc3 22. Rc1 Qf6 23. b5 Ne7 24. c6 Ba8 25. Ra2 Rb8 26. Qa1 Qxa1 27. Raxa1 Rb6 28.
Ne5 Bxc6 1-0

[Event "HMC Calder Cup 2014"]
[Site "Rosmalen NED"]
[Date "2014.06.28"]
[Round "9.3"]
[White "Swinkels, Robin"]
[Black "Broekmeulen, Jasper"]
[Result "1/2-1/2"]
[WhiteTitle "GM"]
[BlackTitle "FM"]
[WhiteElo "2512"]
[BlackElo "2432"]
[WhiteFideId "1010824"]
[BlackFideId "1013440"]
[EventDate "2014.06.20"]

1. d4 b6 2. e4 Bb7 3. Nc3 e6 4. Bd3 Nf6 5. Bg5 h6 6. Bxf6 Qxf6 7. Nf3 d6 8. Qd2
Nd7 9. O-O-O O-O-O 10. Kb1 g5 11. h3 Bg7 12. Qe2 h5 13. Ba6 g4 14. Ne1 c6 15. a3
Qg5 16. Qc4 Nb8 17. Bxb7+ Kxb7 18. g3 gxh3 19. Nf3 Qg4 20. Qd3 Rc8 21. Nh2 Qg6
22. Nf3 Qg4 23. Nh2 Qg6 24. Nf3 Qg4 25. Nh2 Qg6 26. Nf3 Qg4 1/2-1/2

[Event "HMC Calder Cup 2014"]
[Site "Rosmalen NED"]
[Date "2014.06.28"]
[Round "9.4"]
[White "Greenfeld, Alon"]
[Black "Guramishvili, Sopiko"]
[Result "1-0"]
[WhiteTitle "GM"]
[BlackTitle "IM"]
[WhiteElo "2545"]
[BlackElo "2396"]
[WhiteFideId "2800039"]
[BlackFideId "13602888"]
[EventDate "2014.06.20"]

1. c4 c5 2. Nf3 Nf6 3. d4 g6 4. Nc3 cxd4 5. Nxd4 Bg7 6. e4 d6 7. Be2 O-O 8. O-O
Nc6 9. Be3 Bd7 10. Nc2 Rc8 11. f3 Qa5 12. Qe1 Rfe8 13. Rc1 Ne5 14. b4 Qd8 15.
Na3 e6 16. Qd2 Qe7 17. Ncb5 Bxb5 18. Nxb5 Rcd8 19. Bxa7 d5 20. Bc5 Qd7 21. cxd5
exd5 22. exd5 Nxd5 23. Nd6 Nc7 24. Qc2 Ne6 25. Bb5 Nc6 26. Nxe8 Qxe8 27. Rfd1
Nxc5 28. Rxd8 Qxd8 29. bxc5 Nd4 30. Qd3 Qg5 31. Rb1 Qxc5 32. Kh1 Qh5 33. Bd7 Qd5
34. Bc8 Qxa2 35. Bxb7 h5 36. Qe4 Kh7 37. Bd5 Qa7 38. Qe8 f5 39. Qf7 Qc5 40. Bc4
Qe5 41. Qg8+ Kh6 42. Qb8 Qe3 43. Qg3 Be5 44. Re1 Bxg3 45. Rxe3 Bf2 46. Re8 f4
47. Re4 g5 48. h4 Kg6 49. Bd3 Kh6 50. hxg5+ Kxg5 51. Re5+ Kh6 52. Kh2 Nb3 53.
Re6+ Kg5 54. Kh3 h4 55. Re5+ Kh6 56. Kg4 Nd4 57. Re7 1-0

[Event "HMC Calder Cup 2014"]
[Site "Rosmalen NED"]
[Date "2014.06.28"]
[Round "9.5"]
[White "Bosch, Jeroen"]
[Black "Burg, Twan"]
[Result "1/2-1/2"]
[WhiteTitle "IM"]
[BlackTitle "IM"]
[WhiteElo "2363"]
[BlackElo "2506"]
[WhiteFideId "1001280"]
[BlackFideId "1010697"]
[EventDate "2014.06.20"]

1. e4 c5 2. Nc3 d6 3. Nge2 e5 4. Nd5 Nc6 5. Nec3 Nge7 6. Bc4 Nxd5 7. Nxd5 Be6 8.
d3 Be7 9. O-O O-O 10. c3 Rb8 11. f4 exf4 12. Bxf4 Bg5 13. Bg3 Bh4 14. Bf4 Bg5
15. Bg3 Bh4 16. Bf4 1/2-1/2